| 000 | 00553nam a2200181Ia 4500 | ||
|---|---|---|---|
| 003 | GCL | ||
| 008 | 140319s9999 xx 000 0 eng d | ||
| 040 |
_aGCL / _cGCL |
||
| 082 | 0 | 4 |
_aREF _b052 _bE E |
| 100 | 1 | _aEUROPA PUBLICATIONS LIMITED | |
| 245 | 1 | 0 |
_aTHE EUROPA WORLD YEAR BOOK 1998 ( 2 VOLS ) / _cEUROPA PUBLICATIONS LIMITED |
| 260 |
_aانجلترا : _bEUROPA PUBLICATIONS LIMITED ، _c1998 |
||
| 300 |
_a32 CM ؛ _cMULTI |
||
| 650 | 0 | 4 | _aINTERNATIONAL ORGANIZATION |
| 650 | 0 | 4 | _aYEAR BOOKS |
| 650 | 0 | 4 | _aEUROPA - YEARBOOKS |
| 942 |
_2ddc _cREF |
||
| 999 |
_c26570 _d26570 |
||